000 00325nam a22001337a 4500
008 171005b xxu||||| |||| 00| 0 eng d
020 _a9780073129105
041 _aeng
080 _26TH
_a159.9
100 _a49
101 _aPSI
245 _aEXERCISES IN PSYCHOLOGICAL TESTING AND ASSESSMENT
_cCOHEN,R.J
942 _2udc
_cBK
999 _c32031
_d32031